Trocoscópio (Registo nº 35132)

Detalhes MARC
000 -Etiqueta do registo
Valores 00554nam a2200217 4500
010 ## - Número ISBN
ISBN 9789898145253
021 ## - Número do Depósito Legal
Código do país Portugal
100 ## - Dados gerais de processamento
Dados gerais 20221007 frey50
101 0# - Língua de publicação
Língua Português
102 ## - País de publicação
País Portugal
200 1# - Titulo e menção de responsabilidade
Título próprio Trocoscópio
Primeira menção de responsabilidade história e il. Bernardo Carvalho
205 ## - Menção da edição
Edição 1.ª ed
210 ## - Publicação
Local de publicação Oeiras
Nome do editor Planeta Tangerina,
Data de publicação 2010
215 ## - Descrição física 
Paginação / Volumes [28] p.
Outras indicações físicas totalmente il.
Dimensões 20 cm
675 ## - CDU
Notação 087.5-053.4
Edição BN
Língua por
700 #1 - Autor principal
Apelido Carvalho,
Nome Bernardo Pego de,
Datas 1973-
801 #0 - Fonte de origem
País PT
Agência RMBL
Regras de catalogação RPC
090 ## - Tipo de documento
Koha biblioitem number (autogenerated) 35132
990 ## - Elementos KOHA
Tipo de documento Livro
994 ## - Estado da catalogação
Situação Completo
Exemplares
Situação do levantamento Situação do extravio Biblioteca de origem Biblioteca de empréstimo Código de barras Cota Permissão de empréstimo Tipo de documento Forma de aquisição
  Completo Biblioteca da Escola Básica de Aguiar Biblioteca da Escola Básica de Aguiar 809 BA 087.5 CAR Disponível Livro  




Powered by Koha